| 000 | 01776nam a2200493Ia 4500 | ||
|---|---|---|---|
| 005 | 20180312143023.0 | ||
| 008 | 130821s2004 sp gr spa | ||
| 020 | _a8478273328 | ||
| 020 | _a9788478273324 | ||
| 040 |
_aCo-BoUCM _bspa _cSaul Niño _dSaul Niño |
||
| 041 | 0 | 0 | _aspa |
| 245 | 0 | 3 |
_aLa composición escrita (de 3 a 16 años) _cMarisol Anguita ... [y otros.] |
| 260 |
_aBarcelona (España) _bLaboratorio Educativo _bGrao _c2004 |
||
| 300 | _a150 páginas | ||
| 490 | 0 |
_aClaves para la Innovación Educativa _v28 |
|
| 504 | _aIncluye referencias bibliográficas e índices | ||
| 650 | 0 | 4 |
_aEducación primaria _xEnseñanza _913857 |
| 650 | 0 | 4 |
_aEducación secundaria _xEnseñanza _913870 |
| 650 | 0 | 4 |
_aEscritos académicos _xEnseñanza _914799 |
| 650 | 0 | 4 |
_aPreceptiva literaria _922163 |
| 650 | 0 | 4 |
_aTeoría de la educación _925273 |
| 650 | 0 | 4 |
_aTeoría lingüística _926564 |
| 690 |
_942858 _aLingüística aplicada |
||
| 700 | 1 |
_aAnguita, Marisol _973020 |
|
| 700 | 1 |
_aCamps, Ana _973021 |
|
| 700 | 1 |
_aCasaseca, Salustino _973022 |
|
| 700 | 1 |
_aFernández Chacón, Ana _973023 |
|
| 700 | 1 |
_aGuasch, Oriol _973024 |
|
| 700 | 1 |
_aMartínez López, M. Victória _973025 |
|
| 700 | 1 |
_aMenoyo, Maria del Pilar _973026 |
|
| 700 | 1 |
_aMorist, Carmen _973027 |
|
| 700 | 1 |
_aNemirovsky, Myriam _973028 |
|
| 700 | 1 |
_aPañella, Oriol _973029 |
|
| 700 | 1 |
_aPedrosa, Montserrat _973030 |
|
| 700 | 1 |
_aPiñán, Berta _973031 |
|
| 700 | 1 |
_aPoch, Assumpta _973032 |
|
| 700 | 1 |
_aRamírez Palau, Rosa María _973033 |
|
| 700 | 1 |
_aRamos, Joaquín _973034 |
|
| 700 | 1 |
_aRexach, Mercé _973035 |
|
| 700 | 1 |
_aSolé, Isabel _966674 |
|
| 700 | 1 |
_aTeberosky, Ana _973036 |
|
| 942 |
_cLIBRO _a10 _e1 _mC737 _2DEWEY _h372.623 _n0 |
||
| 999 |
_c62979 _d62979 |
||